| 000 | 01213nam a22002417a 4500 | ||
|---|---|---|---|
| 999 |
_c1183 _d1183 |
||
| 001 | 001548 | ||
| 003 | CoMeUDC001548 | ||
| 005 | 20190201213944.0 | ||
| 008 | 070314s2006 ck gr 000 0 spa d | ||
| 020 | _a9587101626 | ||
| 040 |
_aCO-BoUEX _cCoMeUDC |
||
| 041 | 0 | _aspa | |
| 082 | 0 | 4 |
_a658.151 _bO77a |
| 100 | 1 | 0 | _aOrtiz Anaya, Héctor |
| 245 | 1 | 0 |
_aAnálisis financiero aplicado y principios de administración financiera / _cHéctor Ortiz Anaya. |
| 250 | _a13a. ed. | ||
| 260 |
_aBogotá : _bUniversidad Externado de Colombia, _c2006. |
||
| 300 |
_a595 p. ; _c29 cm. |
||
| 505 | 0 | _aVisión global de las finanzas y el análisis financiero. Los estados financieros. Cuentas de tratamiento especial. Ajustes por inflación en la contabilidad. Cómo entender los estados financieros. Análisis vertical y horizontal. Análisis de razones o indicadores financieros. Análisis de valor agregado. Administración del capaital de trabajo. El flujo de fondos. Flujo de caja y proyecciones financieras. Elementos de administración financiera. Administración del efectivo. Administración de las cuentas por cobrar | |
| 650 | 1 | 4 | _aAnálisis financiero |
| 650 | 1 | 4 | _aAdministración financiera |
| 942 |
_2ddc _cBK |
||